000
00245nam a2200097Ia 4500
001
687732
005
20250826161601.0
008
250824s9999 xx 000 0 und d
245
0
_a
KAYIP SABAHLAR
_c
AHMED GÜNBAY YILDIZ
260
_b
TİMAŞ YAYINLARI
999
_c
687732
_d
687732